<?xml version="1.0" encoding="UTF-8"?>
<collection xmlns="http://www.loc.gov/MARC21/slim">
 <record>
  <leader>01671nam a2200385 a 4500</leader>
  <controlfield tag="001">000000296</controlfield>
  <controlfield tag="005">00000000000000.0</controlfield>
  <controlfield tag="008">011206s1755    xo     e            lat  </controlfield>
  <datafield tag="FMT" ind1=" " ind2=" "/>
  <datafield tag="040" ind1=" " ind2=" ">
   <subfield code="a">SVKKK</subfield>
   <subfield code="b">slo</subfield>
   <subfield code="c">SVKKK</subfield>
   <subfield code="e">AACR2</subfield>
  </datafield>
  <datafield tag="041" ind1="0" ind2=" ">
   <subfield code="a">lat</subfield>
  </datafield>
  <datafield tag="044" ind1=" " ind2=" ">
   <subfield code="a">xo</subfield>
   <subfield code="c">SK</subfield>
  </datafield>
  <datafield tag="080" ind1=" " ind2=" ">
   <subfield code="a">23(075.8)</subfield>
  </datafield>
  <datafield tag="080" ind1=" " ind2=" ">
   <subfield code="a">265</subfield>
  </datafield>
  <datafield tag="100" ind1="1" ind2=" ">
   <subfield code="a">Príleský, Ján,</subfield>
   <subfield code="d">1709-1790</subfield>
   <subfield code="4">aut</subfield>
  </datafield>
  <datafield tag="245" ind1="1" ind2="0">
   <subfield code="a">Tractatus Theologicus :</subfield>
   <subfield code="b">Tractatus Theologicus De Poenitentia, Extrema Unctione, Ordine, Et Matrimonio. In usum discipulorum conscriptus A R. P. Joanne Baptista Prileszky, E Societate Jesu, SS. Theologiae Doctore &amp; Professore Ordinario, ejusdemque Facultatis Decano.</subfield>
  </datafield>
  <datafield tag="260" ind1=" " ind2=" ">
   <subfield code="a">Tyrnaviae :</subfield>
   <subfield code="b">Typis Academicis Societatis Jesu,</subfield>
   <subfield code="c">Anno MDCCLV [=1755]</subfield>
  </datafield>
  <datafield tag="300" ind1=" " ind2=" ">
   <subfield code="a">539 s. A/4-Z/4,Aa/4-Xx/4,Yy/2 [=270] list.</subfield>
   <subfield code="c">4°. 21x17 cm</subfield>
  </datafield>
  <datafield tag="500" ind1=" " ind2=" ">
   <subfield code="a">Vineta ornam., vineta fig., vlys ornam.-fig., inic. s architekton. pozadím v rámčeku na 5, 6 r., inic. s ornam. pozadím vo voľ. priestore na 6 r., verz. vo voľ. priestore na 2, 3 r., tlač. marginálie, kustódy.</subfield>
  </datafield>
  <datafield tag="508" ind1=" " ind2=" ">
   <subfield code="a">Na zl. A/2 nesignov. úvod k študentom teológie.</subfield>
  </datafield>
  <datafield tag="510" ind1="4" ind2=" ">
   <subfield code="a">Petrik V/409; Hanakovič II/999; Podmanická 0; Telgársky 0; Kolodziejský 0; Rizner 0; Uherková 0; Pumprla 0; Dokoupil 0.</subfield>
  </datafield>
  <datafield tag="561" ind1=" " ind2=" ">
   <subfield code="a">Peč.: Štátna vedecká knižnica v Košiciach.</subfield>
  </datafield>
  <datafield tag="563" ind1=" " ind2=" ">
   <subfield code="a">Pôvodná - lepenka, biely papier.</subfield>
  </datafield>
  <datafield tag="653" ind1="1" ind2=" ">
   <subfield code="a">dogmatika</subfield>
  </datafield>
  <datafield tag="653" ind1="1" ind2=" ">
   <subfield code="a">sviatosti</subfield>
  </datafield>
  <datafield tag="653" ind1="1" ind2=" ">
   <subfield code="a">teológia</subfield>
  </datafield>
  <datafield tag="653" ind1="1" ind2=" ">
   <subfield code="a">učebnice</subfield>
  </datafield>
  <datafield tag="710" ind1="0" ind2=" ">
   <subfield code="a">Akademická tlačiareň</subfield>
   <subfield code="c">Trnava</subfield>
   <subfield code="d">1648-1773</subfield>
   <subfield code="4">prt</subfield>
  </datafield>
  <datafield tag="752" ind1=" " ind2=" ">
   <subfield code="a">Slovensko</subfield>
   <subfield code="d">Trnava</subfield>
  </datafield>
  <datafield tag="852" ind1=" " ind2=" ">
   <subfield code="p">B 296b PA</subfield>
  </datafield>
  <datafield tag="904" ind1=" " ind2=" ">
   <subfield code="a">acf y aa yyyb 1001</subfield>
  </datafield>
  <datafield tag="905" ind1=" " ind2=" ">
   <subfield code="a">fg a0db</subfield>
  </datafield>
  <datafield tag="910" ind1=" " ind2=" ">
   <subfield code="a">svkkk</subfield>
  </datafield>
  <datafield tag="998" ind1=" " ind2=" ">
   <subfield code="a">TRNTL</subfield>
  </datafield>
  <datafield tag="BAS" ind1=" " ind2=" "/>
 </record>
</collection>
